[Event "Stay Safe Play From Home 186"]
[Site "T#646431Emanuel Laske"]
[Date "2020.05.29"]
[Round "3"]
[White "Tobo Rubirosa"]
[Black "W Nelles"]
[Result "1-0"]
[WhiteElo "1664"]
[BlackElo "1252"]
[Annotator "NA RC"]
[PlyCount "99"]
[EventDate "2020.05.29"]
[EventType "swiss (blitz)"]

1. e4 {[%emt 0:00:03]} e5 {[%emt 0:00:01]} 2. f4 {[%emt 0:00:04]} Nc6 {[%emt 0:00:01]} 3. fxe5 {[%emt 0:00:02]} Nxe5 {[%emt 0:00:02]} 4. Nf3 {[%emt 0:00:02]} Nxf3+ {[%emt 0:00:02]} 5. Qxf3 {[%emt 0:00:01]} Qf6 {[%emt 0:00:01]} 6. Be2 {[%emt 0:00:08]} Qxf3 {[%emt 0:00:02]} 7. Bxf3 {[%emt 0:00:02]} c6 {[%emt 0:00:01]} 8. O-O {[%emt 0:00:02]} Bc5+ {[%emt 0:00:01]} 9. Kh1 {[%emt 0:00:03]} d6 {[%emt 0:00:01]} 10. c3 {[%emt 0:00:02]} Nf6 {[%emt 0:00:02]} 11. d4 {[%emt 0:00:03]} Bb6 {[%emt 0:00:01]} 12. Bg5 {[%emt 0:00:02]} O-O {[%emt 0:00:03]} 13. Bxf6 {[%emt 0:00:02]} gxf6 {[%emt 0:00:01]} 14. Nd2 {[%emt 0:00:01]} f5 {[%emt 0:00:02]} 15. exf5 {[%emt 0:00:11]} Bxf5 {[%emt 0:00:03]} 16. Be4 {[%emt 0:00:01]} Bxe4 {[%emt 0:00:01]} 17. Nxe4 {[%emt 0:00:01]} Bc7 {[%emt 0:00:04]} 18. Rf2 {[%emt 0:00:06]} f5 {[%emt 0:00:03]} 19. Ng5 {[%emt 0:00:04]} h6 {[%emt 0:00:03]} 20. Ne6 {[%emt 0:00:02]} Rf7 {[%emt 0:00:02]} 21. Nxc7 {[%emt 0:00:01]} Rxc7 {[%emt 0:00:02]} 22. Rxf5 {[%emt 0:00:01]} Rf7 {[%emt 0:00:02]} 23. Rxf7 {[%emt 0:00:01]} Kxf7 {[%emt 0:00:02]} 24. Kg1 {[%emt 0:00:00]} Ke6 {[%emt 0:00:02]} 25. Kf2 {[%emt 0:00:04]} Kd5 {[%emt 0:00:01]} 26. Ke3 {[%emt 0:00:03]} Re8+ {[%emt 0:00:02]} 27. Kd2 {[%emt 0:00:03]} b5 {[%emt 0:00:01]} 28. Re1 {[%emt 0:00:03]} Rxe1 {[%emt 0:00:03]} 29. Kxe1 {[%emt 0:00:02]} Ke4 {[%emt 0:00:01]} 30. Ke2 {[%emt 0:00:01]} d5 {[%emt 0:00:02]} 31. b4 {[%emt 0:00:08]} a6 {[%emt 0:00:02]} 32. g3 {[%emt 0:00:05]} h5 {[%emt 0:00:02]} 33. a3 {[%emt 0:00:04]} Kf5 {[%emt 0:00:04]} 34. Kf3 {[%emt 0:00:01]} Kg5 {[%emt 0:00:01]} 35. h3 {[%emt 0:00:02]} Kf5 {[%emt 0:00:01]} 36. g4+ {[%emt 0:00:02]} hxg4+ {[%emt 0:00:02]} 37. hxg4+ {[%emt 0:00:01]} Kg5 {[%emt 0:00:01]} 38. Kg3 {[%emt 0:00:01]} Kf6 {[%emt 0:00:02]} 39. Kf4 {[%emt 0:00:01]} Ke6 {[%emt 0:00:03]} 40. g5 {[%emt 0:00:02]} Kf7 {[%emt 0:00:02]} 41. Kf5 {[%emt 0:00:01]} Kg8 {[%emt 0:00:04]} 42. g6 {[%emt 0:00:02]} Kg7 {[%emt 0:00:05]} 43. Kg5 {[%emt 0:00:01]} Kg8 {[%emt 0:00:01]} 44. Kf6 {[%emt 0:00:01]} Kf8 {[%emt 0:00:01]} 45. g7+ {[%emt 0:00:01]} Kg8 {[%emt 0:00:02]} 46. Kg6 {[%emt 0:00:01]} c5 {[%emt 0:00:10]} 47. dxc5 {[%emt 0:00:05]} d4 {[%emt 0:00:01]} 48. c6 {[%emt 0:00:03]} d3 {[%emt 0:00:03]} 49. c7 {[%emt 0:00:01]} d2 {[%emt 0:00:01]} 50. c8=Q# {[%emt 0:00:03] (Lag: Av=0.76s, max=7.0s)} 1-0

[Event "Stay Safe Play From Home 186"]
[Site "T#646431Emanuel Laske"]
[Date "2020.05.29"]
[Round "3"]
[White "Raja3652016"]
[Black "Little champs"]
[Result "0-1"]
[WhiteElo "1426"]
[BlackElo "2248"]
[Annotator "NA RC"]
[PlyCount "86"]
[EventDate "2020.05.29"]
[EventType "swiss (blitz)"]

1. d4 {[%emt 0:00:02]} Nf6 {[%emt 0:00:02]} 2. c4 {[%emt 0:00:04]} e6 {[%emt 0:00:00]} 3. e3 {[%emt 0:00:01]} d5 {[%emt 0:00:01]} 4. Nf3 {[%emt 0:00:00]} dxc4 {[%emt 0:00:01]} 5. Bxc4 {[%emt 0:00:02]} c5 {[%emt 0:00:00]} 6. O-O {[%emt 0:00:03]} cxd4 {[%emt 0:00:01]} 7. Qxd4 {[%emt 0:00:02]} Qxd4 {[%emt 0:00:01]} 8. Nxd4 {[%emt 0:00:01]} a6 {[%emt 0:00:01]} 9. Nc3 {[%emt 0:00:02]} b5 {[%emt 0:00:00]} 10. Bd3 {[%emt 0:00:01]} Bb7 {[%emt 0:00:01]} 11. f3 {[%emt 0:00:03]} Bc5 {[%emt 0:00:01]} 12. Nb3 {[%emt 0:00:04]} Bb6 {[%emt 0:00:01]} 13. Re1 {[%emt 0:00:03]} Nbd7 {[%emt 0:00:01]} 14. Kh1 {[%emt 0:00:02]} Ne5 {[%emt 0:00:01]} 15. Bc2 {[%emt 0:00:05]} Rd8 {[%emt 0:00:02]} 16. e4 {[%emt 0:00:04]} O-O {[%emt 0:00:02]} 17. Be3 {[%emt 0:00:03]} Bxe3 {[%emt 0:00:02]} 18. Rxe3 {[%emt 0:00:02]} Nc4 {[%emt 0:00:00]} 19. Ree1 {[%emt 0:00:08]} Nxb2 {[%emt 0:00:01]} 20. Ne2 {[%emt 0:00:06]} Rc8 {[%emt 0:00:02]} 21. Rac1 {[%emt 0:00:05]} Ba8 {[%emt 0:00:02]} 22. Nf4 {[%emt 0:00:09]} Rfd8 {[%emt 0:00:02]} 23. Bb1 {[%emt 0:00:02]} Nc4 {[%emt 0:00:02]} 24. h3 {[%emt 0:00:05]} h6 {[%emt 0:00:01]} 25. Bd3 {[%emt 0:00:08]} g5 {[%emt 0:00:02]} 26. Bxc4 {[%emt 0:00:02]} bxc4 {[%emt 0:00:01]} 27. Na5 {[%emt 0:00:11]} gxf4 {[%emt 0:00:03]} 28. Rxc4 {[%emt 0:00:02]} Rxc4 {[%emt 0:00:01]} 29. Nxc4 {[%emt 0:00:02]} Rd4 {[%emt 0:00:04]} 30. Ne5 {[%emt 0:00:02]} Nd7 {[%emt 0:00:05]} 31. Ng4 {[%emt 0:00:03]} h5 {[%emt 0:00:03]} 32. Nf2 {[%emt 0:00:03]} Bc6 {[%emt 0:00:01]} 33. Kg1 {[%emt 0:00:02]} e5 {[%emt 0:00:01]} 34. Rc1 {[%emt 0:00:03]} Bb5 {[%emt 0:00:01]} 35. Rc7 {[%emt 0:00:04]} Nc5 {[%emt 0:00:02]} 36. g4 {[%emt 0:00:03]} Ne6 {[%emt 0:00:03]} 37. Ra7 {[%emt 0:00:03]} hxg4 {[%emt 0:00:01]} 38. Nxg4 {[%emt 0:00:02]} Rd1+ {[%emt 0:00:04]} 39. Kf2 {[%emt 0:00:01]} Rd2+ {[%emt 0:00:02]} 40. Ke1 {[%emt 0:00:01]} Rxa2 {[%emt 0:00:01]} 41. Nxe5 {[%emt 0:00:02]} Nd4 {[%emt 0:00:00]} 42. Rxf7 {[%emt 0:00:04]} Nxf3+ {[%emt 0:00:01]} 43. Nxf3 {[%emt 0:00:14]} Kxf7 {[%emt 0:00:01] Raja3652016 resigns (Lag: Av=1.03s, max=6.8s)} 0-1

[Event "Stay Safe Play From Home 186"]
[Site "T#646431Emanuel Laske"]
[Date "2020.05.29"]
[Round "4"]
[White "Little champs"]
[Black "Haris kollari 13"]
[Result "1-0"]
[WhiteElo "2248"]
[BlackElo "1896"]
[Annotator "NA RC"]
[PlyCount "111"]
[EventDate "2020.05.29"]
[EventType "swiss (blitz)"]

1. d4 {[%emt 0:00:02]} d5 {[%emt 0:00:01]} 2. h3 {[%emt 0:00:04]} c5 {[%emt 0:00:02]} 3. a3 {[%emt 0:00:00]} Nc6 {[%emt 0:00:01]} 4. c3 {[%emt 0:00:01]} Bf5 {[%emt 0:00:01]} 5. e3 {[%emt 0:00:01]} f6 {[%emt 0:00:03]} 6. g4 {[%emt 0:00:01]} Bg6 {[%emt 0:00:01]} 7. h4 {[%emt 0:00:01]} e5 {[%emt 0:00:01]} 8. h5 {[%emt 0:00:01]} Bf7 {[%emt 0:00:01]} 9. Qb3 {[%emt 0:00:01]} Qd7 {[%emt 0:00:02]} 10. dxc5 {[%emt 0:00:02]} Bxc5 {[%emt 0:00:02]} 11. Qd1 {[%emt 0:00:01]} Nge7 {[%emt 0:00:02]} 12. b4 {[%emt 0:00:01]} Bb6 {[%emt 0:00:02]} 13. h6 {[%emt 0:00:02]} g5 {[%emt 0:00:04]} 14. a4 {[%emt 0:00:02]} Bg6 {[%emt 0:00:02]} 15. a5 {[%emt 0:00:01]} Bc7 {[%emt 0:00:01]} 16. a6 {[%emt 0:00:00]} b6 {[%emt 0:00:04]} 17. Bb5 {[%emt 0:00:02]} O-O-O {[%emt 0:00:02]} 18. Qa4 {[%emt 0:00:02]} Qd6 {[%emt 0:00:02]} 19. Nd2 {[%emt 0:00:03]} e4 {[%emt 0:00:11]} 20. Ne2 {[%emt 0:00:02]} Rhf8 {[%emt 0:00:06]} 21. Ba3 {[%emt 0:00:05]} Qe5 {[%emt 0:00:10]} 22. Nd4 {[%emt 0:00:02]} Nxd4 {[%emt 0:00:05]} 23. cxd4 {[%emt 0:00:01]} Qe6 {[%emt 0:00:04]} 24. Rc1 {[%emt 0:00:15]} Kb8 {[%emt 0:00:01]} 25. Qc2 {[%emt 0:00:07]} Rc8 {[%emt 0:00:05]} 26. Qd1 {[%emt 0:00:01]} Bd6 {[%emt 0:00:04]} 27. Nb3 {[%emt 0:00:08]} Rxc1 {[%emt 0:00:03]} 28. Nxc1 {[%emt 0:00:05]} Rc8 {[%emt 0:00:02]} 29. Nb3 {[%emt 0:00:01]} Rc3 {[%emt 0:00:02]} 30. Bb2 {[%emt 0:00:05]} Rc7 {[%emt 0:00:08]} 31. Ba3 {[%emt 0:00:17]} f5 {[%emt 0:00:03]} 32. gxf5 {[%emt 0:00:03]} Nxf5 {[%emt 0:00:01]} 33. Be2 {[%emt 0:00:04]} Nh4 {[%emt 0:00:04]} 34. Bg4 {[%emt 0:00:03]} Qf6 {[%emt 0:00:01]} 35. Nc5 {[%emt 0:00:02]} bxc5 {[%emt 0:00:11]} 36. bxc5 {[%emt 0:00:01]} Be7 {[%emt 0:00:01]} 37. Qb3+ {[%emt 0:00:05]} Ka8 {[%emt 0:00:05]} 38. Qxd5+ {[%emt 0:00:07]} Rc6 {[%emt 0:00:06]} 39. Bd7 {[%emt 0:00:04]} Nf3+ {[%emt 0:00:04]} 40. Kd1 {[%emt 0:00:06]} Kb8 {[%emt 0:00:04]} 41. Qxc6 {[%emt 0:00:02]} Qxc6 {[%emt 0:00:02]} 42. Bxc6 {[%emt 0:00:01]} g4 {[%emt 0:00:02]} 43. d5 {[%emt 0:00:01]} Ne5 {[%emt 0:00:03]} 44. Bb5 {[%emt 0:00:03]} g3 {[%emt 0:00:06]} 45. fxg3 {[%emt 0:00:01]} Bg5 {[%emt 0:00:01]} 46. d6 {[%emt 0:00:01]} Bxe3 {[%emt 0:00:04]} 47. c6 {[%emt 0:00:01]} Bb6 {[%emt 0:00:05]} 48. c7+ {[%emt 0:00:02]} Kc8 {[%emt 0:00:01]} 49. Bb2 {[%emt 0:00:07]} Nd3 {[%emt 0:00:09]} 50. Bc6 {[%emt 0:00:06]} Bc5 {[%emt 0:00:04]} 51. Bb7+ {[%emt 0:00:01]} Kd7 {[%emt 0:00:02]} 52. c8=Q+ {[%emt 0:00:00]} Kxd6 {[%emt 0:00:00]} 53. Qd8+ {[%emt 0:00:03]} Ke6 {[%emt 0:00:02]} 54. Bd5+ {[%emt 0:00:02]} Kf5 {[%emt 0:00:03]} 55. Rf1+ {[%emt 0:00:01]} Kg4 {[%emt 0:00:01]} 56. Qd7+ {[%emt 0:00:01] Time ' (Lag: Av=0.64s, max=2.4s)} 1-0

[Event "Stay Safe Play From Home 186"]
[Site "T#646431Emanuel Laske"]
[Date "2020.05.29"]
[Round "4"]
[White "Lamborghini"]
[Black "Don59as"]
[Result "1-0"]
[WhiteElo "2204"]
[BlackElo "2059"]
[Annotator "NA RC"]
[PlyCount "69"]
[EventDate "2020.05.29"]
[EventType "swiss (blitz)"]

1. e4 {[%emt 0:00:01]} e5 {[%emt 0:00:01]} 2. Nf3 {[%emt 0:00:01]} Nc6 {[%emt 0:00:01]} 3. Bb5 {[%emt 0:00:01]} f5 {[%emt 0:00:02]} 4. d3 {[%emt 0:00:02]} Nf6 {[%emt 0:00:01]} 5. Nbd2 {[%emt 0:00:01]} d6 {[%emt 0:00:03]} 6. c3 {[%emt 0:00:02]} Be7 {[%emt 0:00:01]} 7. O-O {[%emt 0:00:02]} O-O {[%emt 0:00:01]} 8. Bc4+ {[%emt 0:00:01]} Kh8 {[%emt 0:00:01]} 9. Ng5 {[%emt 0:00:07]} d5 {[%emt 0:00:11]} 10. exd5 {[%emt 0:00:03]} Nxd5 {[%emt 0:00:02]} 11. Ngf3 {[%emt 0:00:01]} Nf4 {[%emt 0:00:16]} 12. Qc2 {[%emt 0:00:04]} Bd6 {[%emt 0:00:09]} 13. b4 {[%emt 0:00:03]} Qf6 {[%emt 0:00:07]} 14. Nb3 {[%emt 0:00:09]} Ne6 {[%emt 0:00:19]} 15. Re1 {[%emt 0:00:07]} a6 {[%emt 0:00:04]} 16. a4 {[%emt 0:00:03]} f4 {[%emt 0:00:21]} 17. Nbd2 {[%emt 0:00:05]} Ng5 {[%emt 0:00:05]} 18. Nxg5 {[%emt 0:00:03]} Qxg5 {[%emt 0:00:00]} 19. Ne4 {[%emt 0:00:01]} Qg6 {[%emt 0:00:02]} 20. f3 {[%emt 0:00:01]} Bf5 {[%emt 0:00:03]} 21. Bb2 {[%emt 0:00:02]} Rad8 {[%emt 0:00:12]} 22. Rad1 {[%emt 0:00:16]} Bxe4 {[%emt 0:00:05]} 23. dxe4 {[%emt 0:00:03]} Ne7 {[%emt 0:00:09]} 24. Rd2 {[%emt 0:00:04]} Rf6 {[%emt 0:00:06]} 25. Red1 {[%emt 0:00:01]} Rdf8 {[%emt 0:00:01]} 26. Bf1 {[%emt 0:00:06]} Qh5 {[%emt 0:00:02]} 27. Qb3 {[%emt 0:00:04]} Rh6 {[%emt 0:00:01]} 28. h3 {[%emt 0:00:01]} Rg6 {[%emt 0:00:03]} 29. Kh1 {[%emt 0:00:02]} Rg3 {[%emt 0:00:02]} 30. c4 {[%emt 0:00:04]} Qg5 {[%emt 0:00:09]} 31. c5 {[%emt 0:00:03]} Rf6 {[%emt 0:00:05]} 32. cxd6 {[%emt 0:00:02]} Rh6 {[%emt 0:00:02]} 33. dxe7 {[%emt 0:00:14]} Rhxh3+ {[%emt 0:00:02]} 34. Kg1 {[%emt 0:00:01]} h6 {[%emt 0:00:11]} 35. e8=Q+ {[%emt 0:00:02] Time (Lag: Av=0.46s, max=1.0s)} 1-0

[Event "Stay Safe Play From Home 186"]
[Site "T#646431Emanuel Laske"]
[Date "2020.05.29"]
[Round "4"]
[White "Weltszmerc"]
[Black "Lazieri3"]
[Result "1-0"]
[WhiteElo "2045"]
[BlackElo "2048"]
[Annotator "TA"]
[PlyCount "105"]
[EventDate "2020.05.29"]
[EventType "swiss (blitz)"]

{[%evp 9,105,3,45,37,72,32,39,2,15,7,11,-11,-10,-14,5,-31,-18,-30,-37,-50,0,0,4,0,41,-27,24,-27,0,-67,0,0,0,-33,0,-6,0,-61,-14,-62,-72,-266,-235,-229,-224,-194,-162,-163,0,0,0,-586,-44,-42,-40,-33,0,0,0,0,0,0,0,0,0,0,0,0,0,0,0,0,0,0,0,0,0,0,0,-96,-86,-202,-179,-309,-293,-322,-295,-458,-465,-471,-435,-5114,-386,-4827,-140,-921,-848,-818]} 1. d4 d5 2. c4 c6 3. Nf3 Nf6 4. g3 Bf5 5. Qb3 b6 {[#]} 6. cxd5 $146 {D11: Slav Defence: 3 Nf3 sidelines and 3...Nf6 4 e3 Bg4.} ({Predecessor:} 6. Bg2 e6 7. O-O Bd6 8. Nc3 O-O 9. Ne5 Nbd7 10. Nxd7 Nxd7 11. e4 dxe4 12. Nxe4 Be7 13. Bf4 {1-0 (60) Ngo,T (1998)-Nguyen,X (1927) Ho Chi Minh 2017}) 6... Qxd5 7. Qxd5 cxd5 8. e3 {White is slightly better.} a6 9. Nc3 e6 10. Ne5 Nbd7 11. Nxd7 Kxd7 12. Bg2 Bb4 (12... h5 {with more complications.} 13. f3 h4 14. Bd2 Bd3 15. g4 Bd6) 13. Bd2 Bxc3 14. bxc3 Be4 15. f3 $1 {[%cal Rf3e4]} Bg6 16. O-O b5 17. a4 (17. e4 $14) 17... Rhb8 ({Black should play} 17... Bd3) 18. g4 (18. e4 $142) 18... h6 19. Be1 (19. a5 $11) 19... Ne8 (19... Bd3 $15 20. Rf2 bxa4) 20. Bg3 $11 Nd6 21. h4 Rc8 22. Rfc1 Nc4 23. Kf2 (23. e4 $11) 23... Na5 24. h5 {[#] Black must now prevent axb5.} Bd3 $36 {[%mdl 2048] Threatens to win with ...Nb3. Black is on the roll.} 25. Ra2 $2 (25. axb5 $17 Nb3 26. b6) 25... Nb3 26. Rd1 Rxc3 {...Rc2+ is the strong threat.} 27. axb5 Bxb5 28. Bf1 Rac8 $2 (28... Bxf1 $19 29. Rxf1 Nc1) 29. Bxb5+ axb5 30. Ke2 $2 {[%mdl 8192]} (30. Ra7+ $11 Ke8 31. Bd6) 30... Rc2+ $2 (30... Nc1+ $19 31. Rxc1 Rxc1 32. Ra7+ Kc6) 31. Rxc2 $15 Rxc2+ {[%mdl 4096] Endgame KRB-KRN} 32. Kd3 Rg2 (32... Ra2 {is interesting.} 33. Rb1 Nd2 34. Rxb5 Nxf3 35. Rb7+ Ke8) 33. Be1 $1 Ra2 $1 34. Rb1 Na5 35. Rxb5 Ra3+ 36. Bc3 Nc4 37. Rb7+ Ke8 38. Rb8+ Kd7 39. Rb7+ Ke8 40. e4 Nd6 41. Rb8+ Kd7 $1 42. exd5 exd5 43. Kc2 Ra2+ 44. Kb3 (44. Kd3 $11 {remains equal.}) 44... Rf2 $17 45. Rg8 (45. Ba5 $17 {was necessary.}) 45... Rxf3 {aiming for ...Ne4.} 46. Kb4 {[#]} (46. Kc2 $142) 46... Ne8 $1 $19 47. Bd2 Rg3 48. g5 (48. Ka5 {is a better defense.}) 48... hxg5 49. Kc5 g4 50. Kxd5 (50. h6 $142 gxh6 51. Be1) 50... Rg2 $2 (50... Nf6+ 51. Ke5 Nxg8) 51. Bf4 $2 (51. Bg5) 51... g3 $2 (51... Nf6+ $19 {and Black stays clearly on top.} 52. Ke5 Nxg8) 52. Rf8 $2 {[%mdl 8192]} (52. h6 $17 Nf6+ {[%mdl 64] Double Attack} 53. Kc4 gxh6 54. Rxg3 Rxg3 55. Bxg3) 52... Ke7 53. Rh8 {[%mdl 32768] Accuracy: White = 43%, Black = 54%. . Loss on time!?} 1-0

[Event "Stay Safe Play From Home 186"]
[Site "T#646431Emanuel Laske"]
[Date "2020.05.29"]
[Round "4"]
[White "Patzeroglu"]
[Black "Archi-ak"]
[Result "1-0"]
[WhiteElo "1932"]
[BlackElo "1888"]
[Annotator "TA"]
[PlyCount "62"]
[EventDate "2020.05.29"]
[EventType "swiss (blitz)"]

{[%evp 16,62,29,0,41,8,23,0,72,79,94,90,170,170,164,163,195,124,133,126,126,116,125,-8,-12,18,56,-51,-44,-64,66,70,275,266,270,258,428,414,369,94,564,552,8977,6233,5169,4870,29991,1883,1883]} 1. e4 c5 2. Nf3 d6 3. d4 cxd4 4. Nxd4 Nf6 5. Nc3 a6 6. Bc4 e6 7. Bb3 Be7 8. Be3 Nc6 9. f3 Qc7 {B88: Sicilian: Sozin Attack.} 10. Qd2 b5 11. g4 h6 (11... Nxd4 $11 {keeps the balance.} 12. Qxd4 O-O) 12. O-O-O Bd7 13. h4 O-O-O {[#]} (13... Na5 $16) 14. g5 $146 ({Predecessor:} 14. a4 Nxd4 15. Bxd4 b4 16. Ne2 Qa5 17. Qe3 Kb7 18. g5 Nh5 19. e5 d5 20. Kd2 {0-1 (45) Zver,M-Zadravec,S Varazdin 2009}) 14... hxg5 15. hxg5 {And now Rxh8 would win.} Nh5 16. g6 (16. Kb1 $18) 16... Nxd4 $16 17. Qxd4 fxg6 18. a4 Bf6 19. Qb6 (19. Qb4 $16) 19... Qxb6 $11 20. Bxb6 Ng3 21. Rxh8 (21. Rhe1 $14) 21... Rxh8 $15 22. axb5 Bxc3 (22... axb5 $15 23. Rxd6 Rh1+ 24. Rd1 Bg5+ 25. Kb1 Rxd1+ 26. Nxd1 Nf1) 23. bxc3 $14 Bxb5 $2 {[#]} (23... axb5 $14 24. Rxd6 Rf8) 24. Rxd6 $18 ({Resist} 24. Bxe6+ $6 Bd7 $16) 24... Ne2+ 25. Kb2 e5 $2 (25... Kb7 26. Bxe6 Nf4) 26. Be6+ Kb7 27. Be3 $2 (27. Bd5+ $18 {and the rest is easy.} Kb8 28. c4 (28. Rxg6 Rh6 $18)) 27... Rc8 $2 {[%mdl 8192]} (27... Kc7 $16 {is tougher.} 28. Bc5 Nf4) 28. Rb6+ Ka8 29. Bd5+ {[%mdl 64] [#] Discovered Attack} Bc6 30. Bxc6+ Ka7 31. Rb7+ (31. Rb3+ $142 Nd4 32. cxd4 Rxc6 33. d5+ {[%mdl 64] Discovered Attack} Rb6 34. Rxb6 a5 35. d6 g5 36. d7 a4 37. d8=Q a3+ 38. Kxa3 g6 39. Qb8#) 31... Ka8 {Accuracy: White = 51%, Black = 24%.} 1-0

[Event "Stay Safe Play From Home 186"]
[Site "T#646431Emanuel Laske"]
[Date "2020.05.29"]
[Round "4"]
[White "Tunca"]
[Black "Raja3652016"]
[Result "1-0"]
[WhiteElo "1696"]
[BlackElo "1426"]
[Annotator "NA RC"]
[PlyCount "71"]
[EventDate "2020.05.29"]
[EventType "swiss (blitz)"]

1. e4 {[%emt 0:00:01]} c6 {[%emt 0:00:02]} 2. d4 {[%emt 0:00:01]} d5 {[%emt 0:00:02]} 3. Nc3 {[%emt 0:00:01]} dxe4 {[%emt 0:00:02]} 4. Nxe4 {[%emt 0:00:01]} Nf6 {[%emt 0:00:00]} 5. Ng3 {[%emt 0:00:05]} e6 {[%emt 0:00:02]} 6. Nf3 {[%emt 0:00:01]} Be7 {[%emt 0:00:02]} 7. Bd3 {[%emt 0:00:00]} Nbd7 {[%emt 0:00:01]} 8. O-O {[%emt 0:00:00]} Nf8 {[%emt 0:00:01]} 9. Re1 {[%emt 0:00:00]} Ng6 {[%emt 0:00:01]} 10. c3 {[%emt 0:00:06]} b6 {[%emt 0:00:01]} 11. Qc2 {[%emt 0:00:01]} Bb7 {[%emt 0:00:01]} 12. Ne5 {[%emt 0:00:05]} c5 {[%emt 0:00:03]} 13. Bb5+ {[%emt 0:00:16]} Kf8 {[%emt 0:00:06]} 14. Nc6 {[%emt 0:00:04]} Bxc6 {[%emt 0:00:02]} 15. Bxc6 {[%emt 0:00:00]} Rc8 {[%emt 0:00:01]} 16. Bb7 {[%emt 0:00:06]} Rb8 {[%emt 0:00:04]} 17. Bf3 {[%emt 0:00:03]} cxd4 {[%emt 0:00:02]} 18. cxd4 {[%emt 0:00:02]} Qxd4 {[%emt 0:00:02]} 19. Be3 {[%emt 0:00:00]} Qd8 {[%emt 0:00:02]} 20. Red1 {[%emt 0:00:01]} Qe8 {[%emt 0:00:01]} 21. Bc6 {[%emt 0:00:03]} Qc8 {[%emt 0:00:02]} 22. Rac1 {[%emt 0:00:02]} h5 {[%emt 0:00:07]} 23. Qa4 {[%emt 0:00:08]} Kg8 {[%emt 0:00:02]} 24. Ne4 {[%emt 0:00:16]} Nxe4 {[%emt 0:00:02]} 25. Bxe4 {[%emt 0:00:00]} Kh7 {[%emt 0:00:02]} 26. Rxc8 {[%emt 0:00:02]} Rhxc8 {[%emt 0:00:02]} 27. Qb5 {[%emt 0:00:02]} Rc5 {[%emt 0:00:06]} 28. Bxc5 {[%emt 0:00:01]} Bxc5 {[%emt 0:00:01]} 29. b4 {[%emt 0:00:04]} Be7 {[%emt 0:00:03]} 30. Qxh5+ {[%emt 0:00:02]} Kg8 {[%emt 0:00:02]} 31. Bxg6 {[%emt 0:00:00]} fxg6 {[%emt 0:00:01]} 32. Qxg6 {[%emt 0:00:01]} Bf6 {[%emt 0:00:00]} 33. Qe4 {[%emt 0:00:05]} e5 {[%emt 0:00:02]} 34. Qd5+ {[%emt 0:00:02]} Kh7 {[%emt 0:00:04]} 35. Qd7 {[%emt 0:00:05]} Rd8 {[%emt 0:00:02]} 36. Qxd8 {[%emt 0:00:03] Raja3652016 resigns (Lag: Av=0.55s, max=0.6s)} 1-0

[Event "Stay Safe Play From Home 186"]
[Site "T#646431Emanuel Laske"]
[Date "2020.05.29"]
[Round "4"]
[White "Tobo Rubirosa"]
[Black "Timbre"]
[Result "1/2-1/2"]
[WhiteElo "1667"]
[BlackElo "1677"]
[Annotator "NA RC"]
[PlyCount "54"]
[EventDate "2020.05.29"]
[EventType "swiss (blitz)"]

1. Nf3 {[%emt 0:00:04]} d5 {[%emt 0:00:02]} 2. d4 {[%emt 0:00:01]} c6 {[%emt 0:00:01]} 3. c4 {[%emt 0:00:01]} Nf6 {[%emt 0:00:01]} 4. Qc2 {[%emt 0:00:01]} e6 {[%emt 0:00:01]} 5. g3 {[%emt 0:00:02]} Be7 {[%emt 0:00:01]} 6. Bg2 {[%emt 0:00:01]} Nbd7 {[%emt 0:00:01]} 7. O-O {[%emt 0:00:01]} O-O {[%emt 0:00:01]} 8. Rd1 {[%emt 0:00:01]} Ne4 {[%emt 0:00:02]} 9. Nbd2 {[%emt 0:00:03]} Ndf6 {[%emt 0:00:02]} 10. Nxe4 {[%emt 0:00:02]} Nxe4 {[%emt 0:00:01]} 11. Nd2 {[%emt 0:00:02]} Nxd2 {[%emt 0:00:02]} 12. Bxd2 {[%emt 0:00:04]} Bf6 {[%emt 0:00:01]} 13. Bf4 {[%emt 0:00:09]} Bd7 {[%emt 0:00:03]} 14. e4 {[%emt 0:00:04]} dxe4 {[%emt 0:00:02]} 15. Qxe4 {[%emt 0:00:03]} Qb6 {[%emt 0:00:03]} 16. Rd2 {[%emt 0:00:08]} Rad8 {[%emt 0:00:03]} 17. Rad1 {[%emt 0:00:05]} Bc8 {[%emt 0:00:01]} 18. Be5 {[%emt 0:00:05]} Bxe5 {[%emt 0:00:03]} 19. dxe5 {[%emt 0:00:03]} Rxd2 {[%emt 0:00:05]} 20. Rxd2 {[%emt 0:00:02]} Qb4 {[%emt 0:00:01]} 21. Qd4 {[%emt 0:00:13]} a6 {[%emt 0:00:04]} 22. a3 {[%emt 0:00:04]} Qa5 {[%emt 0:00:08]} 23. f4 {[%emt 0:00:28]} h6 {[%emt 0:00:02]} 24. Qd3 {[%emt 0:00:07]} Qc5+ {[%emt 0:00:04]} 25. Qd4 {[%emt 0:00:03]} Qa5 {[%emt 0:00:03]} 26. Qd3 {[%emt 0:00:07]} Qb6+ {[%emt 0:00:01]} 27. Qd4 {[%emt 0:00:04]} Qa5 {[%emt 0:00:01] (Lag: Av=0.63s, max=1.3s)} 1/2-1/2

[Event "Stay Safe Play From Home 186"]
[Site "T#646431Emanuel Laske"]
[Date "2020.05.29"]
[Round "5"]
[White "Weltszmerc"]
[Black "Little champs"]
[Result "0-1"]
[WhiteElo "2063"]
[BlackElo "2252"]
[Annotator "RC"]
[PlyCount "64"]
[EventDate "2020.05.29"]
[EventType "swiss (blitz)"]

1. d4 {[%emt 0:00:02]} Nf6 {[%emt 0:00:02]} 2. c4 {[%emt 0:00:00]} e6 {[%emt 0:00:00]} 3. Nf3 {[%emt 0:00:01]} c5 {[%emt 0:00:00]} 4. d5 {[%emt 0:00:01]} exd5 {[%emt 0:00:01]} 5. cxd5 {[%emt 0:00:00]} d6 {[%emt 0:00:00]} 6. Nc3 {[%emt 0:00:00]} Be7 {[%emt 0:00:00]} 7. e4 {[%emt 0:00:00]} O-O {[%emt 0:00:00]} 8. a4 {[%emt 0:00:01]} a6 {[%emt 0:00:00]} 9. h3 {[%emt 0:00:02]} Nbd7 {[%emt 0:00:02]} 10. Bd3 {[%emt 0:00:03]} Ne5 {[%emt 0:00:01]} 11. Nxe5 {[%emt 0:00:01]} dxe5 {[%emt 0:00:01]} 12. O-O {[%emt 0:00:00]} Bd6 {[%emt 0:00:02]} 13. a5 {[%emt 0:00:01]} Ne8 {[%emt 0:00:03]} 14. Bd2 {[%emt 0:00:05]} g6 {[%emt 0:00:01]} 15. Na4 {[%emt 0:00:03]} Ng7 {[%emt 0:00:03]} 16. Nb6 {[%emt 0:00:01]} Rb8 {[%emt 0:00:01]} 17. Bh6 {[%emt 0:00:06]} f5 {[%emt 0:00:01]} 18. exf5 {[%emt 0:00:02]} gxf5 {[%emt 0:00:01]} 19. Nxc8 {[%emt 0:00:06]} Rxc8 {[%emt 0:00:01]} 20. Bxg7 {[%emt 0:00:01]} Kxg7 {[%emt 0:00:01]} 21. Qh5 {[%emt 0:00:01]} e4 {[%emt 0:00:02]} 22. Bc4 {[%emt 0:00:02]} Rf6 {[%emt 0:00:01]} 23. Qg5+ {[%emt 0:00:03]} Kh8 {[%emt 0:00:04]} 24. b3 {[%emt 0:00:05]} Qe7 {[%emt 0:00:01]} 25. Rae1 {[%emt 0:00:02]} Rg8 {[%emt 0:00:01]} 26. Qh4 {[%emt 0:00:05]} Qg7 {[%emt 0:00:08]} 27. g3 {[%emt 0:00:08]} Rh6 {[%emt 0:00:03]} 28. Qxh6 {[%emt 0:00:04]} Qxh6 {[%emt 0:00:02]} 29. Re3 {[%emt 0:00:05]} Qxh3 {[%emt 0:00:03]} 30. Rfe1 {[%emt 0:00:04]} f4 {[%emt 0:00:03]} 31. Rxe4 {[%emt 0:00:01]} fxg3 {[%emt 0:00:01]} 32. R1e2 {[%emt 0:00:07]} g2 {[%emt 0:00:02] Weltszmerc poddaje się (Lag: Av=0.97s, max=2.7s)} 0-1